[Event "Halle-B"]
[Site "Halle"]
[Date "1987.??.??"]
[Round "10"]
[White "Hennings, Artur"]
[Black "Dautov, Rustem"]
[Result "0-1"]
[WhiteElo "2360"]
[BlackElo "2495"]

1.e4 c5 2.Nc3 Nc6 3.Nge2 d6 4.d4 cxd4 5.Nxd4 Nf6 6.Be3 g6 7.Nb3 Bg7 8.Bg5 O-O
9.Qd2 a6 10.Bh6 b5 11.Bxg7 Kxg7 12.f3 Be6 13.g4 Bxb3 14.axb3 e5 15.h4 h6
16.O-O-O Nd4 17.g5 Nh5 18.Qe3 Qb6 19.Kb1 Qc5 20.b4 Qxb4 21.Bd3 Qc5 22.Nd5 Ne6
23.gxh6+ Kh7 24.Qd2 a5 25.Rhg1 b4 26.Rg5 Nxg5 27.hxg5 a4 28.Qxb4 Qxb4 29.Nxb4 f6
30.gxf6 Rxf6 31.Bb5 Kxh6 32.Rd3 Nf4 33.Ra3 Ne6 34.Nd5 Rff8 35.Nb6 Rab8 36.Bc4 Nc5
37.Nxa4 Nxa4 38.Rxa4 Rxf3 39.Ra6 Rf6 40.c3 Kg5  0-1

[Event "Hameln Voba"]
[Site "Hameln"]
[Date "1987.??.??"]
[Round "?"]
[White "Apicella, Manuel"]
[Black "Adrian, Claude"]
[Result "1-0"]
[WhiteElo "2295"]
[BlackElo "2350"]

1.e4 c5 2.Nf3 Nc6 3.Nc3 g6 4.d4 cxd4 5.Nxd4 Bg7 6.Be3 Nf6 7.Bc4 Qa5 8.O-O O-O
9.Nb3 Qc7 10.f4 d6 11.Be2 b6 12.Kh1 Bb7 13.Bf3 Rac8 14.Bg1 Qb8 15.Re1 Ba8
16.Nd5 e6 17.Nxf6+ Bxf6 18.c3 b5 19.a3 Rfd8 20.Qd3 a5 21.Rad1 b4 22.axb4 axb4
23.Nd4 Na5 24.Ra1 Nc4 25.Rxa8 Qxa8 26.e5 Qa2 27.exf6 Nxb2 28.Qb5 bxc3 29.Qg5 Kh8
30.Qh6 Rg8 31.Bg4 Nd3 32.Re3 Rc5 33.Rxd3 g5 34.Rh3  1-0

[Event "Jakarta zt"]
[Site "Jakarta"]
[Date "1987.??.??"]
[Round "?"]
[White "Stuart, Peter"]
[Black "Rogers, Ian"]
[Result "0-1"]
[WhiteElo "2225"]
[BlackElo "2525"]

1.e4 c5 2.Nf3 Nc6 3.Nc3 g6 4.h4 h5 5.Bb5 Bg7 6.Bxc6 dxc6 7.d3 Bg4 8.Be3 Qa5
9.O-O Nf6 10.Qd2 Bxf3 11.gxf3 Nd7 12.Bg5 Nf8 13.e5 Qc7 14.Ne4 Ne6 15.Qe3 Qxe5
16.Rfe1 Qd4 17.Qe2 b6 18.c3 Qd7 19.d4 cxd4 20.Rad1 O-O  0-1

[Event "Kecskemet"]
[Site "Kecskemet"]
[Date "1987.??.??"]
[Round "?"]
[White "Skrobek, Ryszard"]
[Black "Dobos, Jozsef"]
[Result "0-1"]
[WhiteElo "2410"]
[BlackElo "2275"]

1.e4 c5 2.Nc3 Nc6 3.Nge2 d6 4.d4 cxd4 5.Nxd4 Nf6 6.Bc4 Bd7 7.Bb3 g6 8.Be3 Ng4
9.Nxc6 bxc6 10.Qd4 e5 11.Qc4 Qe7 12.O-O-O Nxe3 13.fxe3 Bh6 14.Qd3 Bg4 15.Qxd6 Bxe3+
16.Kb1 Rc8 17.Ba4 Bxd1 18.Bxc6+ Kf8 19.Qxe7+ Kxe7 20.Nxd1 Rxc6 21.Nxe3 Ke6
22.Rf1 Rd8 23.Nd5 f5 24.b3 fxe4 25.c4 Rxd5 26.cxd5+ Kxd5 27.Rd1+ Ke6 28.Re1 Kf5
29.Rf1+ Kg4 30.Rf7 e3 31.Re7 Kf5  0-1

[Event "URS-FL"]
[Site "Kursk"]
[Date "1987.??.??"]
[Round "?"]
[White "Sorokin, Maxim"]
[Black "Dvoirys, Semen I"]
[Result "1/2-1/2"]
[WhiteElo "2380"]
[BlackElo "2465"]

1.e4 c5 2.Nc3 Nc6 3.Nf3 g6 4.d4 cxd4 5.Nxd4 Bg7 6.Be3 Nf6 7.Bc4 O-O 8.Bb3 a5
9.f3 d5 10.Bxd5 Nxd5 11.exd5 Ne5 12.Qe2 Bd7 13.Rd1 a4 14.O-O Qa5 15.Bf4 f6
16.Ncb5 Rfc8 17.b3 axb3 18.axb3 Qb4 19.Rf2 Rc5 20.Bd2 Bxb5 21.Bxb4 Bxe2 22.Nxe2 Rxc2
23.Nf4 Rxf2 24.Kxf2 Bh6 25.Ne6 Kf7 26.f4 Nd7 27.Re1 Nb6 28.Nc7 Ra2+ 29.Kf3 Bf8
30.Rd1 Rc2 31.Ne6 Rb2 32.Nc5 Na4 33.Rd3 Nxc5 34.Bxc5 f5 35.Bd4 Rc2 36.h3 e6
37.dxe6+ Kxe6 38.g4 Bb4 39.Re3+ Kd5 40.Bf6 Bd6 41.Be5 Bc5 42.Rd3+ Ke6 43.Rd8 Rh2
44.Kg3 Rh1 45.Rf8 fxg4 46.hxg4 Kd5 47.Kg2 Rg1+ 48.Kf3 Rf1+ 49.Kg2 Rf2+ 50.Kg3 Ke4
51.Rf7 g5 52.Rc7 Rf3+ 53.Kg2 Rf2+ 54.Kg3 Rf3+ 55.Kg2 Rf2+  1/2-1/2

[Event "URS-FL"]
[Site "Kursk"]
[Date "1987.??.??"]
[Round "?"]
[White "Sorokin, Maxim"]
[Black "Ruban, Vadim"]
[Result "1/2-1/2"]
[WhiteElo "2380"]
[BlackElo "2320"]

1.e4 c5 2.Nc3 Nc6 3.Nf3 d6 4.d4 cxd4 5.Nxd4 Nf6 6.g3 g6 7.Bg2 Nxd4 8.Qxd4 Bg7
9.O-O O-O 10.h3 Be6 11.Qd1 Rc8 12.Re1 Qc7 13.Bg5 Rfe8 14.Be3 Nd7 15.Bd4 Bxd4
16.Qxd4 Qc5 17.Qxc5 Rxc5 18.a4 Ne5 19.Re2 Rec8 20.f4 Nc6 21.Rd1 Nb4 22.g4 Kf8
23.Rf2 Kg7 24.Rd4 Nc6 25.Rdd2 Na5 26.Nd1 Nc4 27.Rd4 Nb6  1/2-1/2

[Event "London NWYM"]
[Site "London"]
[Date "1987.??.??"]
[Round "?"]
[White "Jacobs, Byron A"]
[Black "Fatin, Tarek"]
[Result "1/2-1/2"]
[WhiteElo "2390"]
[BlackElo "2305"]

1.e4 c5 2.Nc3 Nc6 3.Nge2 g6 4.d4 cxd4 5.Nxd4 Bg7 6.Nde2 Nf6 7.g3 O-O 8.Bg2 d6
9.O-O Bd7 10.Nd5 Nxd5 11.exd5 Na5 12.a4 Rc8 13.Ra2 Bg4 14.b3 Bxe2 15.Qxe2 Re8
16.Bh3 Rc7 17.Bb2 Bxb2 18.Rxb2 b6 19.c4 Kg7 20.Qe3 e5 21.dxe6 fxe6 22.Rd2 Qe7
23.Rfd1 Rd7 24.b4 Nc6 25.b5 Nd8 26.Rxd6 Rxd6 27.Qe5+ Kf8 28.Qxd6 Qxd6 29.Rxd6 Nb7
30.Rxe6 Rxe6 31.Bxe6 Nc5 32.Bd5 Nxa4 33.f4 Ke7 34.Kf2 h5 35.Ke3 Kf6 36.Kd4 Nc5
37.Bf3 Kf5 38.Bd1 h4 39.Bc2+ Kf6 40.gxh4 a5 41.bxa6 Nxa6 42.Ke3 Nc7 43.Bd3 Ne6
44.Bf1 Nc7 45.Bh3 b5 46.c5 b4 47.Kd4 b3 48.Kc3 Na6 49.c6 Nb4 50.Kxb3 Nxc6
51.Kc4 Ne7 52.Kd4 Ng8 53.Ke4 Nh6 54.Bc8 Nf7 55.Bg4 Nd6+ 56.Kf3 Nf7 57.h5 g5  1/2-1/2

[Event "Lloyds Bank op"]
[Site "London"]
[Date "1987.??.??"]
[Round "5"]
[White "Hebden, Mark"]
[Black "Gerber, Richard"]
[Result "0-1"]
[WhiteElo "2515"]
[BlackElo "2275"]

1.e4 c5 2.Nc3 Nc6 3.Nge2 g6 4.d4 cxd4 5.Nxd4 Bg7 6.Be3 Nf6 7.Nxc6 bxc6 8.e5 Nd5
9.Nxd5 cxd5 10.Qxd5 Rb8 11.Bc4 O-O 12.f4 d6 13.Bb3 Bb7 14.Qd2 dxe5 15.O-O-O exf4
16.Bxf4 Ra8 17.Qb4 Qb6 18.Qxb6 axb6 19.Rd7 Bxg2 20.Rg1 e5 21.Be3 Bc6 22.Rc7 Bf3
23.Bxb6 e4 24.Re7 Bh6+ 25.Kb1 Bf4 26.h3 Bd6 27.Rd7 Bh2 28.Rf1 h5 29.a4 g5
30.Rd5 Bf4 31.Rf5 Kh7 32.Rg1 f6 33.c4 Bh2 34.Rf1 Kg6 35.Rd5 g4 36.hxg4 hxg4
37.Bc2 f5 38.a5 g3 39.b4 g2 40.Re1 e3 41.Rd3 g1=Q 42.Rxg1+ Bxg1 43.Bxe3 Bxe3
44.Rxe3 Bb7 45.Kb2 Kf6 46.Rh3 f4 47.Rh6+ Ke5 48.Rh7 Bg2 49.Re7+ Kd6 50.Re1 Rae8
51.Rd1+ Kc7 52.b5 Re2 53.Kc3 Rxc2+ 54.Kxc2 f3  0-1

[Event "Malaga"]
[Site "Malaga"]
[Date "1987.??.??"]
[Round "?"]
[White "Hebden, Mark"]
[Black "Talavera, JC."]
[Result "0-1"]
[WhiteElo "2465"]
[BlackElo "2385"]

1.e4 c5 2.Nc3 Nc6 3.Nge2 g6 4.d4 cxd4 5.Nxd4 Bg7 6.Be3 Nf6 7.Nxc6 bxc6 8.e5 Nd5
9.Nxd5 cxd5 10.Qxd5 Rb8 11.Bc4 O-O 12.O-O Bb7 13.Qd3 Bxe5 14.Bh6 Re8 15.b3  0-1

[Event "Medellin"]
[Site "Medellin"]
[Date "1987.??.??"]
[Round "?"]
[White "Pazos, Plinio"]
[Black "Cuartas, Carlos"]
[Result "1/2-1/2"]
[WhiteElo "2335"]
[BlackElo "2355"]

1.e4 c5 2.Nc3 Nc6 3.Nf3 e6 4.g3 Nf6 5.Bg2 d5 6.exd5 exd5 7.O-O d4 8.Qe2+ Be7
9.Ne4 O-O 10.d3 Re8 11.Re1 Bg4 12.h3 Bh5 13.Nxf6+ Bxf6 14.Qxe8+ Qxe8 15.Rxe8+ Rxe8
16.Bd2 Bg6 17.Re1 Rc8 18.a3 h6 19.Rc1 b5 20.b3 Ne7 21.Nh2 h5 22.Bf4 c4 23.Bb7 Rd8
24.bxc4 bxc4 25.dxc4 Bf5 26.g4 Ng6 27.Bd2 Bc8 28.Bd5 Ba6 29.Nf3 hxg4 30.hxg4 Rc8
31.g5 Be7 32.Nxd4 Bxc4 33.Bxc4 Rxc4 34.Be3 Bxa3 35.Rb1 Bc5 36.Nf5 Rg4+ 37.Kf1 Bxe3
38.Rb8+ Kh7 39.Nxe3 Rxg5 40.Rb7 f5 41.Rb5 Nh4 42.Ra5 Kg6 43.Nd5 Rg4 44.Rxa7 Rd4
45.Rd7 Kh6 46.Nb6 Rb4 47.Rd6+ Kh5 48.Ke2 Rb1 49.Nd5 Ng6 50.Rd7 Kh6 51.Rd6 Kh7
52.Rd7 Ne5 53.Re7 Nc6 54.Rc7 Nd4+ 55.Ke3 Ne6 56.Re7 Ra1 57.Nf6+ Kh6 58.Ne8 g6
59.Nd6 Ra3+ 60.Kd2 Nd4 61.Rd7 Nf3+ 62.Ke2 Nd4+ 63.Kd2 Kh5 64.Nc4 Nf3+ 65.Ke2 Rc3
66.Ne3 Ng1+ 67.Kf1 Nf3 68.Ke2 Ng1+  1/2-1/2

[Event "Netanya op"]
[Site "Netanya"]
[Date "1987.??.??"]
[Round "9"]
[White "Ghinda, Mihail Viorel"]
[Black "Sabi, Yoseph"]
[Result "1-0"]
[WhiteElo "2460"]
[BlackElo "2235"]

1.e4 c5 2.Nc3 Nc6 3.Nf3 d6 4.Bc4 h6 5.d3 e5 6.Nd5 g5 7.c3 Bg7 8.h4 g4 9.Nh2 h5
10.Nf1 Nce7 11.Qb3 Nxd5 12.Bxd5 Qc7 13.Ng3 a6 14.a4 Bf6 15.a5 Rh7 16.Bg5 Rb8
17.Nf5 Bxf5 18.exf5 Rg7 19.Be3 Ne7 20.Bh6 Rh7 21.Bg5 Nxd5 22.Qxd5 Ke7 23.f3 Qc6
24.Qe4 Qxe4+ 25.dxe4 gxf3 26.gxf3 Rg7 27.Rg1 Rbg8 28.Bxf6+ Kxf6 29.Rxg7 Kxg7
30.O-O-O Rd8 31.Rg1+ Kf8 32.Rg5 d5 33.Rxh5 dxe4 34.fxe4 Rd3 35.Rh6  1-0

[Event "NLD-ch"]
[Site "?"]
[Date "1987.??.??"]
[Round "?"]
[White "Kuijf, Marinus"]
[Black "Ree, Hans"]
[Result "1/2-1/2"]
[WhiteElo "2470"]
[BlackElo "2440"]

1.e4 c5 2.Nc3 Nc6 3.Nge2 d6 4.d4 cxd4 5.Nxd4 Nf6 6.Bg5 Bd7 7.Be2 Qa5 8.Bxf6 gxf6
9.O-O Nxd4 10.Qxd4 Rc8 11.Kh1 Qc5 12.Qd3 Bg7 13.Rad1 f5 14.Nd5 fxe4 15.Qxe4 e6
16.Ne3 Bc6 17.Qh4 d5 18.c3 O-O 19.Bd3 f5 20.Rfe1 Rf6 21.Qd4 Qa5 22.Bb1 Rh6
23.Qd2 Rd8 24.Nc4 Qc7 25.Ne5 Kh8 26.Qf4 Qe7 27.c4 Rh4 28.Qg3 f4 29.Qd3 Bxe5
30.Rxe5 Rg8 31.Qd4 f3 32.g4 Rxh2+ 33.Kxh2 Qh4+ 34.Kg1 Rxg4+ 35.Qxg4 Qxg4+
36.Kf1 Qxc4+ 37.Bd3 Qh4 38.Ke1 Qb4+ 39.Kf1 Qh4 40.Ke1 Qh1+ 41.Kd2 Qh2 42.Rxe6 Qxf2+
43.Kc1 Qc5+ 44.Kb1 Bb5 45.Rf6 Bxd3+ 46.Rxd3  1/2-1/2

[Event "URS-ch otbor"]
[Site "Norilsk"]
[Date "1987.??.??"]
[Round "?"]
[White "Naumkin, Igor"]
[Black "Krasenkow, Michal"]
[Result "0-1"]
[WhiteElo "2470"]
[BlackElo "2380"]

1.e4 c5 2.Nf3 Nc6 3.Nc3 g6 4.Bb5 Bg7 5.O-O e5 6.d3 Nge7 7.Bc4 O-O 8.Ng5 h6
9.Nh3 d6 10.f4 Na5 11.f5 gxf5 12.exf5 Bxf5 13.Rxf5 Nxf5 14.Qg4 Nxc4 15.dxc4 Qc8
16.Nd5 Kh8 17.Bd2 Nd4 18.Qh4 Qe6 19.c3 Nf5 20.Qh5 Qg6 21.Qe2 Rae8 22.Rf1 Ne7
23.Nxe7 Rxe7 24.Nf4 Qc2 25.Nd5 Re6 26.Ne3 Qxb2 27.Nf5 Rg8 28.h4 e4 29.Qe3 Qxa2  0-1

[Event "Philadelphia op"]
[Site "Philadelphia"]
[Date "1987.??.??"]
[Round "?"]
[White "Rohde, Michael A"]
[Black "Byrne, Robert E"]
[Result "0-1"]
[WhiteElo "2460"]
[BlackElo "2495"]

1.e4 c5 2.Nc3 Nc6 3.Nge2 e5 4.Nd5 Be7 5.Nec3 Nf6 6.g3 d6 7.Bg2 Nxd5 8.Nxd5 f5
9.d3 O-O 10.O-O Be6 11.f4 Qd7 12.Be3 Rae8 13.Qd2 Bd8 14.Rae1 exf4 15.Nxf4 fxe4
16.Nxe6 Rxf1+ 17.Rxf1 Qxe6 18.Bxe4 Bf6 19.Bg5 Bxg5 20.Qxg5 Ne5 21.Bxb7 Qxa2
22.Qf5 Qf7 23.Qxf7+ Nxf7 24.Ra1 Re2 25.Bf3 Re7 26.Ra6 Kf8 27.Kf2 Ne5 28.Bd5 Ng4+
29.Kf3 Nxh2+ 30.Kf4 g5+ 31.Kxg5 Re5+ 32.Kh6 Rxd5 33.Rxa7 Ng4+ 34.Kxh7 Rg5
35.Rb7 Nf6+ 36.Kh6 Rxg3 37.b4 cxb4 38.Rxb4 Kf7 39.Rb7+ Ke6 40.Rb1 Nd5 41.Re1+ Ne3
42.Kh5 Kf6  0-1

[Event "Porabka"]
[Site "Porabka"]
[Date "1987.??.??"]
[Round "11"]
[White "Riemersma, Liafbern"]
[Black "Rakowiecki, Tomasz"]
[Result "1/2-1/2"]
[WhiteElo "2395"]
[BlackElo "2365"]

1.e4 c5 2.Nf3 Nc6 3.Nc3 e5 4.Bc4 d6 5.h3 h6 6.Nh2 Nf6 7.d3 Be7 8.f4 exf4
9.Bxf4 Be6 10.Nd5 Qd7 11.Nf3 Bxd5 12.Bxd5 Nxd5 13.exd5 Nb4 14.O-O Nxd5 15.Bd2 O-O
16.c4 Nc7 17.Bc3 d5 18.Ne5 Qd6 19.Qh5 Bf6 20.Rae1 Rae8 21.cxd5 Bxe5 22.Rxe5 Rxe5
23.Qxe5 Qxe5 24.Bxe5 Nxd5 25.Bd6 Rc8 26.Rf5 Nb4 27.d4 Nxa2 28.Bxc5 b6 29.Ba3 Rd8
30.d5 b5 31.Be7 Rd7 32.d6 f6 33.Rxb5 Nc1 34.Rb8+ Kf7 35.Rf8+ Ke6 36.Rg8 Kf7
37.Rf8+ Ke6  1/2-1/2

[Event "Bohemians"]
[Site "Prague"]
[Date "1987.??.??"]
[Round "?"]
[White "Zelic, Zdravko"]
[Black "Cvitan, Ognjen"]
[Result "1/2-1/2"]
[WhiteElo "2405"]
[BlackElo "2500"]

1.e4 c5 2.Nc3 Nc6 3.Nf3 e5 4.Bc4 Be7 5.Nd5 Nf6 6.Nxe7 Qxe7 7.d3 d6 8.h3 Be6
9.Bxe6 fxe6 10.O-O O-O 11.c3 h6 12.Re1 Rf7 13.d4 cxd4 14.cxd4 Raf8 15.b4 Nd7
16.dxe5 Ndxe5 17.Nxe5 dxe5 18.a3 Nd4 19.Ra2 Qh4 20.Qg4 Qxg4 21.hxg4 Rc8 22.Be3 Rc2
23.Rxc2 Nxc2 24.Rc1 Nxe3 25.fxe3 Rd7 26.Kf2 Kf7 27.Kf3 Kf6 28.Rc3  1/2-1/2

[Event "Bohemians"]
[Site "Prague"]
[Date "1987.??.??"]
[Round "?"]
[White "Zelic, Zdravko"]
[Black "Pekarek, Ales"]
[Result "1/2-1/2"]
[WhiteElo "2405"]
[BlackElo "2480"]

1.e4 c5 2.Nc3 Nc6 3.Nf3 g6 4.d4 cxd4 5.Nxd4 Bg7 6.Be3 d6 7.Bc4 Nf6 8.h3 O-O
9.O-O Nxe4 10.Bxf7+ Rxf7 11.Nxe4 Bxd4 12.Bxd4 Rf4 13.f3 Nxd4 14.Qxd4 Qb6  1/2-1/2

[Event "Bohemians"]
[Site "Prague"]
[Date "1987.??.??"]
[Round "?"]
[White "Zelic, Zdravko"]
[Black "Znamenacek, Kvetoslav"]
[Result "0-1"]
[WhiteElo "2405"]
[BlackElo "2300"]

1.e4 c5 2.Nf3 Nc6 3.Nc3 g6 4.d4 cxd4 5.Nxd4 Bg7 6.Be3 Nf6 7.Bc4 O-O 8.Bb3 a5
9.a4 Ng4 10.Qxg4 Nxd4 11.Qd1 Nxb3 12.cxb3 d6 13.O-O Be6 14.f4 f5 15.exf5 Rxf5
16.Qc2 Qd7 17.Rad1 Raf8 18.Rfe1 Rc8 19.g3 b5 20.axb5 Rxb5 21.Bd4 Bxb3 22.Qe4 Rxc3
23.bxc3 Bxd1 24.Bxg7 Kxg7 25.Qd4+ Kg8 26.Rxd1 Qe6 27.c4 Rc5 28.Rc1 Qe2 29.Rc3 Kf7
30.h4 h5 31.Qh8 Rxc4 32.Qh7+ Kf6 33.Rxc4 Qxc4 34.Kg2 Qe2+ 35.Kh3 Qg4+ 36.Kg2 Qe2+
37.Kh3 Qf1+ 38.Kh2 Qf2+ 39.Kh3 Qg1 40.Qh8+ Kf7 41.Qh7+ Kf6 42.Qh8+ Ke6 43.Qg8+ Kd7
44.Qa8 Qf1+ 45.Kh2 Qe2+ 46.Kh3 Qb5 47.Qa7+ Ke8 48.Qa8+ Kf7 49.Qh8 Qf5+ 50.Kg2 a4
51.Qh7+ Ke8 52.Qg8+ Kd7 53.Qa8 Qc2+ 54.Kf1 Qb3  0-1

[Event "PRC-chT"]
[Site "?"]
[Date "1987.??.??"]
[Round "?"]
[White "Zhu Dinglong"]
[Black "Huang Zhengyuan"]
[Result "1/2-1/2"]
[WhiteElo "2310"]
[BlackElo "2215"]

1.e4 c5 2.Nf3 Nc6 3.Nc3 e5 4.g3 g6 5.Bg2 Bg7 6.d3 d6 7.O-O Nge7 8.Be3 O-O
9.a4 a6 10.Nd2 Be6 11.Kh1  1/2-1/2

[Event "ARG-ch"]
[Site "Salta"]
[Date "1987.??.??"]
[Round "5"]
[White "Gomez Baillo, Jorge H"]
[Black "Herrera, Irisberto"]
[Result "1-0"]
[WhiteElo "2450"]
[BlackElo "2280"]

1.e4 c5 2.Nf3 Nc6 3.Nc3 d6 4.d4 cxd4 5.Nxd4 Nf6 6.Be2 e5 7.Nf3 h6 8.O-O Be6
9.b3 Be7 10.Bb2 O-O 11.Re1 Rc8 12.Bf1 Nb8 13.Nb1 Qc7 14.c4 Nbd7 15.Nc3 a6
16.g3 Qb8 17.Nh4 Rfd8 18.Nf5 Bf8 19.Qf3 g6 20.Ne3 Nh7 21.h4 Ndf6 22.Kh2 Qc7
23.Rad1 Rb8 24.Rd2 Qa5 25.a3 Qc5 26.b4 Qc8 27.Ncd5 Ng4+ 28.Nxg4 Bxg4 29.Qc3 Re8
30.a4 b6 31.Ba3 Bd7 32.a5 bxa5 33.bxa5 Bc6 34.Nb6 Qb7 35.f3 Red8 36.Red1 f5
37.exf5 Bxf3 38.fxg6 Nf6 39.Bg2 Bxg2 40.Rxg2 Qe4 41.Qd3 Qxd3 42.Rxd3 Kg7
43.g4 h5 44.gxh5 Nxh5 45.Nd5 Rd7 46.Rg5 Nf6 47.Ne3 Ne4 48.Nf5+ Kg8 49.Rg2  1-0

[Event "ARG-ch"]
[Site "Salta"]
[Date "1987.??.??"]
[Round "8"]
[White "Gomez Baillo, Jorge H"]
[Black "Garbarino, Rodolfo"]
[Result "1-0"]
[WhiteElo "2450"]
[BlackElo "2270"]

1.e4 c5 2.Nf3 Nc6 3.Nc3 g6 4.d4 cxd4 5.Nxd4 Bg7 6.Nb3 Bxc3+ 7.bxc3 Nf6 8.f3 d5
9.exd5 Qxd5 10.Qxd5 Nxd5 11.Bd2 O-O 12.Be2 Rd8 13.h4 Bf5 14.O-O-O Nb6 15.Nc5 Na5
16.g4 Be6 17.Nxe6 fxe6 18.h5 Nac4 19.hxg6 hxg6 20.Bd3 Nxd2 21.Rxd2 Kg7 22.Rdh2 Nd5
23.Rh7+ Kf6 24.g5+ Kxg5 25.Rg1+ Kf4 26.Rh4+ Ke5 27.c4 Nf6 28.Re1+ Kd6 29.c5+ Kxc5
30.Rxe6 Rd4 31.Rxd4 Kxd4 32.Rxe7 g5 33.Rxb7 Nd5 34.Rg7 Re8 35.Be4 Rxe4 36.fxe4 Kxe4
37.Rxa7 g4 38.Kd2 Kf3 39.Rf7+ Nf4 40.Ke1 g3 41.Kf1 g2+ 42.Kg1 Kg3 43.Rxf4 Kxf4
44.Kxg2 Ke3 45.Kf1 Kd4 46.Ke2 Kc3 47.a3  1-0

[Event "ARG-ch"]
[Site "Salta"]
[Date "1987.??.??"]
[Round "8"]
[White "Servat, Roberto"]
[Black "Herrera, Irisberto"]
[Result "0-1"]
[WhiteElo "2285"]
[BlackElo "2280"]

1.e4 c5 2.Nf3 Nc6 3.Nc3 g6 4.d4 cxd4 5.Nxd4 Bg7 6.Nb3 Nf6 7.Be2 O-O 8.O-O a6
9.a4 d6 10.Bg5 Be6 11.f4 Re8 12.Kh1 Rc8 13.Bh4 Na5 14.Nxa5 Qxa5 15.Bd3 Qb4
16.Rb1 Bd7 17.Bxf6 exf6 18.Nd5 Qc5 19.b4 Qd4 20.c3 Qa7 21.f5 gxf5 22.exf5 Bc6
23.Bc4 b5 24.axb5 axb5 25.Bb3 Re5 26.Rf3 Rce8 27.h3 Kh8 28.Qd3 Qb7 29.Rd1 Bh6
30.Kh2 Qa7 31.Rff1 Qa3 32.Rb1 Re2 33.Bd1 Rd2  0-1

[Event "Tatran Cup"]
[Site "Stary Smokovec"]
[Date "1987.??.??"]
[Round "?"]
[White "Plachetka, Jan"]
[Black "Stohl, Igor"]
[Result "1/2-1/2"]
[WhiteElo "2430"]
[BlackElo "2450"]

1.e4 c5 2.Nc3 Nc6 3.Nf3 g6 4.d4 cxd4 5.Nxd4 Bg7 6.Be3 d6 7.Be2 Nf6 8.O-O O-O
9.Qd2 Nxd4 10.Bxd4 Be6 11.Rad1 a6 12.f4 Rc8 13.Qe3 b5 14.f5 Bc4 15.e5 dxe5
16.Bxe5 Qe8 17.Kh1 b4 18.Ne4 Bxe2 19.Qxe2 Qc6 20.Nxf6+ exf6 21.Bd4 Rfe8 22.Qd2 Qc4
23.fxg6 hxg6 24.Bxf6 Bxf6 25.Rxf6 Qxc2 26.Qd5 Rc7 27.Rdf1 Qe4 28.Qb3 Re6
29.Rxe6 Qxe6 30.Qxb4 Rc2 31.Qb8+  1/2-1/2

[Event "Rilton Cup"]
[Site "Stockholm"]
[Date "1987.??.??"]
[Round "?"]
[White "Hartman, Christer"]
[Black "Degerman, Lars"]
[Result "1/2-1/2"]
[WhiteElo "2295"]
[BlackElo "2390"]

1.e4 c5 2.Nf3 Nc6 3.Nc3 e5 4.Bc4 d6 5.d3 Be7 6.Nd5 Nf6 7.O-O O-O 8.c3 Nxd5
9.Bxd5 Be6 10.Bxe6 fxe6 11.a3 a5 12.a4 d5 13.Qe2 Bf6 14.Rd1 Qe7 15.Bd2 Rad8
16.Be1 h6 17.Nd2 Bg5 18.Nf1 Rb8 19.Ne3 Bxe3 20.fxe3 Qg5 21.exd5 exd5 22.e4 d4
23.Bd2 Qg6 24.Rf1 Rxf1+ 25.Rxf1 Rf8 26.Rxf8+ Kxf8 27.Qf3+ Ke7 28.c4 b6 29.Kf2 Qf6
30.Qf5 Nd8 31.g4 Nf7 32.Kg3 g6 33.Qxf6+ Kxf6 34.Kh4 Ng5 35.Bxg5+  1/2-1/2

[Event "Tbilisi"]
[Site "Tbilisi"]
[Date "1987.??.??"]
[Round "?"]
[White "Rantanen, Yrjo A"]
[Black "Giorgadze, Tamaz"]
[Result "1/2-1/2"]
[WhiteElo "2385"]
[BlackElo "2505"]

1.e4 c5 2.Nf3 Nc6 3.Nc3 g6 4.d4 cxd4 5.Nxd4 Bg7 6.Be3 Nf6 7.Be2 O-O 8.O-O d6
9.Nb3 b6 10.f4 Bb7 11.Bf3 Qc7 12.Nd5 Nxd5 13.exd5 Na5 14.Nxa5 bxa5 15.c3 Qc4
16.Rf2  1/2-1/2

[Event "Tbilisi"]
[Site "Tbilisi"]
[Date "1987.??.??"]
[Round "?"]
[White "Rantanen, Yrjo A"]
[Black "Kallai, Gabor"]
[Result "1/2-1/2"]
[WhiteElo "2385"]
[BlackElo "2420"]

1.e4 c5 2.Nf3 Nc6 3.Nc3 g6 4.d4 cxd4 5.Nxd4 Bg7 6.Be3 Nf6 7.Be2 O-O 8.Nb3 d6
9.O-O Be6 10.f4 Qc8 11.Kh1 Rd8 12.Nd4 Bg4 13.Bg1 Bxe2 14.Ndxe2 b5 15.Qd3 Rb8
16.Rad1 Nd7 17.Rd2 b4 18.Nd1 Nc5 19.Qf3 Ne6 20.c3 a5 21.Ne3 Nc5 22.Nd4 bxc3
23.bxc3 e6 24.e5 d5 25.Nxc6 Qxc6 26.c4 Ne4 27.Rd4 Qc5 28.Rd3 Qb4 29.Rfd1 Nc5
30.Rd4 Qa3 31.Nxd5 Qxf3 32.Ne7+ Kf8 33.Rxd8+ Rxd8 34.Rxd8+ Kxe7 35.Bxc5+ Kxd8
36.gxf3 Kd7 37.Kg2 Kc6 38.Be7 Bh6 39.Kg3 a4 40.h3 Kb6 41.Kg4  1/2-1/2

[Event "Tbilisi"]
[Site "Tbilisi"]
[Date "1987.??.??"]
[Round "?"]
[White "Rantanen, Yrjo A"]
[Black "Gurgenidze, Bukhuti"]
[Result "1/2-1/2"]
[WhiteElo "2410"]
[BlackElo "2440"]

1.e4 c5 2.Nf3 Nc6 3.Nc3 e5 4.g3 g6 5.Bg2 Bg7 6.a3 Nge7 7.b4 d6 8.O-O O-O
9.Rb1 b6 10.Nh4 Nd4 11.d3 Bb7 12.Bd2 Rc8 13.Ne2 d5 14.bxc5 Rxc5 15.Bb4 Rc7
16.exd5 Bxd5 17.Bxd5 Qxd5 18.c4 Nxe2+ 19.Qxe2 Qe6 20.Ng2 Rd8 21.Bxe7 Qxe7
22.Rb3 Bh6 23.Re1 Rcd7 24.a4 Qf6 25.Ne3 Bxe3 26.Qxe3 Qf5 27.Qxe5  1/2-1/2

[Event "Tirnavia-B"]
[Site "Trnava"]
[Date "1987.??.??"]
[Round "9"]
[White "Roth, Peter"]
[Black "Spiridonov, Nikola"]
[Result "1-0"]
[WhiteElo "2315"]
[BlackElo "2420"]

1.e4 c5 2.Nf3 Nc6 3.Nc3 g6 4.Bc4 Bg7 5.O-O d6 6.Ng5 e6 7.f4 h6 8.Nf3 Nge7
9.d3 O-O 10.a3 a6 11.Qe1 Nd4 12.Nxd4 cxd4 13.Ne2 d5 14.Ba2 dxe4 15.dxe4 Bd7
16.Qh4 Kh7 17.Rf3 Rc8 18.Bb3 Bc6 19.Rh3 Ng8 20.f5 Qxh4 21.Rxh4 Bf6 22.fxg6+ fxg6
23.Rf4 e5 24.Rf2 Bxe4 25.Bxg8+ Kxg8 26.Bxh6 Bg7 27.Rxf8+ Rxf8 28.Bxg7 Kxg7
29.c3 d3 30.Ng3 Bd5 31.Rd1 e4 32.Nf1 Bb3 33.Rd2 Rxf1+ 34.Kxf1 Bc4 35.Kf2 Kf6
36.Ke3 Ke5 37.Rf2 a5 38.g4 Be6 39.Rf4 Bd5 40.Rf2 a4 41.h4 Be6 42.h5 gxh5
43.gxh5 Bf5 44.h6 Bg6 45.Rh2 Bh7 46.Rg2  1-0

[Event "Tirnavia-B"]
[Site "Trnava"]
[Date "1987.??.??"]
[Round "11"]
[White "Roth, Peter"]
[Black "Raicevic, Momcilo"]
[Result "1/2-1/2"]
[WhiteElo "2315"]
[BlackElo "2390"]

1.e4 c5 2.Nc3 Nc6 3.Nge2 g6 4.d4 cxd4 5.Nxd4 Bg7 6.Be3 Nf6 7.Nb3 O-O 8.Be2 d6
9.O-O Be6 10.f4 a6 11.g4 Rc8 12.f5 Bxb3 13.axb3 Nb4 14.Bf3 Nd7 15.Rf2 Ne5
16.Bg2 b5 17.g5 Qd7 18.Bh3 Rc7 19.Qf1 Qc6 20.Rd1 Re8 21.Rfd2 Qb7 22.Qf2 gxf5
23.Bxf5 e6 24.Bh3 Bf8 25.Rf1 Qc8 26.Bb6 Rd7 27.Bd4 Nbc6 28.Be3 Ne7 29.Ne2 N7g6
30.Nf4 Bg7 31.Nh5 Qb7 32.Ng3 Nh4 33.Qe2 Nhg6 34.Bg2 a5 35.Bd4 a4 36.bxa4 bxa4
37.c3 Qb3 38.Nh5 Qb7 39.Qf2 Qc6 40.Kh1 Rb8 41.Nxg7  1/2-1/2

[Event "Warsaw zt-A"]
[Site "Warsaw"]
[Date "1987.??.??"]
[Round "?"]
[White "Kuczynski, Robert"]
[Black "Andonov, Bogomil"]
[Result "1-0"]
[WhiteElo "2450"]
[BlackElo "2450"]

1.e4 c5 2.Nf3 Nc6 3.Nc3 Nf6 4.Bb5 g6 5.O-O Bg7 6.Re1 O-O 7.e5 Ng4 8.Bxc6 dxc6
9.d3 Nh6 10.h3 f5 11.a3 a5 12.Na4 b6 13.Bd2 Nf7 14.b4 axb4 15.axb4 cxb4 16.Bxb4 c5
17.Bc3 e6 18.Qb1 Ra6 19.Qb5 Qd7 20.Qb3 Qa7 21.Bb2 Bb7 22.Nd2 Bd5 23.Qb5 Qb7
24.Nc4 Rb8 25.Nc3 Rxa1 26.Bxa1 Bxg2 27.Qxb6 Qa8 28.Qa5 Qxa5 29.Nxa5 Bxh3
30.Nc4 Ng5 31.Nd2 Bg4 32.Kg2 Bh6 33.f3 Bh5 34.Na4 Nh3 35.Nc4 Nf4+ 36.Kf2 Bf8
37.Nab6 Rb7 38.Nc8 Nd5 39.N8d6 Rb8 40.Bb2 Nb4 41.Re2 g5 42.Kg3 Bg6 43.Bc1 Be7
44.Na5 h5 45.Kg2 Ra8 46.Nab7 Ra2 47.Nc8 Bf8 48.Bxg5 Nxd3 49.Nd8 Rxc2 50.Rxc2 Ne1+
51.Kf2 Nxc2 52.Nxe6 Nb4 53.Nf4 Be8 54.e6 Na6 55.Nd5 Bb5 56.e7 Bxe7 57.Ncxe7+ Kf7
58.Nc3 Bd7 59.Ned5 Nb4 60.Kg3 Bc6 61.Nf4 Nc2 62.Nd3 Nd4 63.f4 Ke6 64.Nxc5+ Kd6
65.Nd3 Ne6 66.Bf6 Be8 67.Be5+ Kc6 68.Nb4+ Kc5 69.Nbd5 Nf8 70.Ne3 Ng6 71.Bf6 Bd7
72.Ne2 Bc8 73.Ng1 h4+ 74.Bxh4 Kd4 75.Ng2 Ke4 76.Nf3 Ba6 77.Bf6 Be2 78.Ng5+ Kd5
79.Ne3+ Kc6 80.Nxf5 Nxf4 81.Kxf4 Kd5 82.Ne3+ Kc5 83.Ke5  1-0

[Event "Warsaw zt-A"]
[Site "Warsaw"]
[Date "1987.??.??"]
[Round "?"]
[White "Andonov, Bogomil"]
[Black "Jansa, Vlastimil"]
[Result "1-0"]
[WhiteElo "2450"]
[BlackElo "2465"]

1.e4 c5 2.Nc3 Nc6 3.Nge2 e6 4.h3 Nf6 5.g3 d5 6.exd5 exd5 7.d4 Qb6 8.Be3 cxd4
9.Nxd4 Bc5 10.Na4 Qa5+ 11.c3 Bxd4 12.Bxd4 Nxd4 13.Qxd4 O-O 14.f3 Re8+ 15.Kf2 b6
16.Qb4 Qxb4 17.cxb4 Bd7 18.Nc3 d4 19.Nb5 Bxb5 20.Bxb5 Re5 21.Bc6 Rd8 22.Rad1 Kf8
23.Rhe1 Rxe1 24.Kxe1 g5 25.Rd3 Ke7 26.b5 Rd6 27.Ra3 Nh5 28.g4 Nf4 29.Rxa7+ Kf6
30.Kd2 Nxh3 31.a4 Nf4 32.b4 Re6 33.Be4 h5 34.gxh5 g4 35.h6 g3 36.Ra8 Re5
37.Rg8 Rh5 38.Rxg3 Rxh6 39.a5 Rh2+ 40.Ke1 bxa5 41.bxa5 d3 42.b6 Re2+ 43.Kd1 Rb2
44.Rg8 Nh3 45.b7 Nf2+ 46.Kc1 d2+ 47.Kxb2 d1=Q 48.b8=Q Qd4+ 49.Ka2 Qa4+ 50.Kb2 Qd4+
51.Kb3 Qd1+ 52.Kb4 Qd4+ 53.Kb5 Qb2+ 54.Ka6  1-0

[Event "Wuerzburg op"]
[Site "Wuerzburg"]
[Date "1987.??.??"]
[Round "5"]
[White "Novoselski, Zoran"]
[Black "Friedrich, U."]
[Result "1-0"]
[WhiteElo "2340"]
[BlackElo "2270"]

1.e4 c5 2.Nf3 Nc6 3.Nc3 Nf6 4.Bb5 g6 5.e5 Ng4 6.Qe2 Bg7 7.Bxc6 dxc6 8.h3 Nh6
9.g4 O-O 10.d3 Be6 11.Ne4 f5 12.exf6 exf6 13.Be3 Bd5 14.c4 Bxe4 15.dxe4 Qe7
16.Qc2 Rae8 17.Nd2 f5 18.g5 f4 19.Bxc5 Qxc5 20.gxh6 Bxh6 21.f3 Qe3+ 22.Kf1 Rd8
23.Rh2 Rd3 24.Re1 Qd4 25.Rf2 Rd8 26.Nb3 Qe5 27.Nc1 R3d7 28.Ne2 Bg7 29.Qc1 Rd2
30.Nc3 Rxf2+ 31.Kxf2 Qd4+ 32.Kg2 Qd2+ 33.Qxd2 Rxd2+ 34.Kf1 Rxb2 35.e5 Rc2
36.e6 Kf8 37.Ne4 Ke7 38.Nd6 Rd2 39.Nc8+ Ke8 40.e7 c5 41.Re6 Rd3 42.Nd6+ Rxd6
43.Rxd6 Kxe7 44.Rd5 Bd4 45.Ke2 b6 46.Kd3 Be3 47.Ke4 Bc1 48.Rd3 Ke8 49.Rc3  1-0